000 00330nam a2200145Ia 4500
100 _aWaite /M; Martin D/&prata/S
942 _cBK
654 _aUnix primer plus
245 _aUnix primer plus
260 _bHoward W.Sams and Co
_aIndiana
_c1990
082 _a1.6425
_bWAIT/M
300 _a478
546 _aENGLISH
999 _c22318
_d22318